| 000 | 00357nam a2200145Ia 4500 | ||
|---|---|---|---|
| 003 | LK-CoDNM | ||
| 008 | 010623t1920 xxu||||| |||| 00| 1 eng d | ||
| 040 |
_aLK-CoDNM _dLK-CoDNM _eLK-CoDNM |
||
| 041 | _aeng | ||
| 080 |
_a50 _bF2 |
||
| 245 | _aThe Mahinda College Magazine | ||
| 260 |
_bAlbion Press _aGalle _c1920 |
||
| 300 | _b143p,2ill., 22 cm | ||
| 942 | _cBK | ||
| 999 |
_c90100 _d90100 |
||